| 000 | 00700nam a2200289Ia 4500 | ||
|---|---|---|---|
| 005 | 20260324111405.0 | ||
| 008 | 008 260324s9999 xx 000 0 eng d | ||
| 020 | _a9781003596592 | ||
| 037 | _aEBOOK | ||
| 040 | _aCRL | ||
| 040 | _beng | ||
| 040 | _cCRL | ||
| 041 | _2eng | ||
| 041 | _aeng | ||
| 084 | _qCRL | ||
| 100 |
_aLinnéa E. Franits _91138364 |
||
| 245 | 3 | _aAn Arts-Based Inquiry of Sibling Disability | |
| 245 | 0 | _bStealing from My Sister’s Plate | |
| 260 | _bTaylor and Francis | ||
| 260 | _c2025 | ||
| 365 | _a | ||
| 365 | _b230 | ||
| 856 | _uhttp://www.taylorfrancis.com/books/9781003596592 | ||
| 942 | _cEBOOK | ||
| 999 |
_c1727170 _d1727170 |
||